Tvorba digitálnej mapovej dokumentácie pre potreby spracovania sieťovej infraštruktúry líniových rozvodov v prostredí GIS 2

Integrácia rôznych nástrojov, ktoré prispievajú k zmierneniu obtiažnosti spracovania priestorových údajov, umožňujú efektívny prístup a správu geografických dát. Rozvoj geograficky orientovaných informačných systémov (GIS), ktorých základom je priestorová informácia.

Gespeichert in:
Bibliographische Detailangaben
1. Verfasser: Gergeľová, Marcela
Weitere Verfasser: Kuzevič, Štefan, Kuzevičová, Žofia, Naščáková, Jana, Vargová, Martina
Format: Buchkapitel
Sprache:Slowakisch
Schlagworte:
Tags: Tag hinzufügen
Keine Tags, Fügen Sie das erste Tag hinzu!

MARC

LEADER 00000nla a2200000 4500
001 0165971
005 20240502072906.1
041 0 |a slo 
044 |a SK 
245 1 0 |a Tvorba digitálnej mapovej dokumentácie pre potreby spracovania sieťovej infraštruktúry líniových rozvodov v prostredí GIS 2  |c Marcela Gergeľová, Štefan Kuzevič, Žofia Kuzevičová, Jana Naščáková, Martina Vargová 
520 |a Integrácia rôznych nástrojov, ktoré prispievajú k zmierneniu obtiažnosti spracovania priestorových údajov, umožňujú efektívny prístup a správu geografických dát. Rozvoj geograficky orientovaných informačných systémov (GIS), ktorých základom je priestorová informácia. 
610 2 0 |a informácie geografické 
610 2 0 |a digitalizácia 
610 2 0 |a technológie informačné 
610 2 0 |a technológie komunikačné 
610 2 0 |a systémy informačné geografické 
100 1 |a Gergeľová, Marcela 
700 1 |a Kuzevič, Štefan 
700 1 |a Kuzevičová, Žofia 
700 1 |a Naščáková, Jana 
700 1 |a Vargová, Martina